| 000 | 00494nam a2200181 4500 | ||
|---|---|---|---|
| 003 | SEACOMEC | ||
| 005 | 20250213121217.0 | ||
| 008 | 250213b |||||||| |||| 00| 0 eng d | ||
| 020 |
_a9788126508235 _c499.00 |
||
| 040 | _aSEACOMEC | ||
| 082 |
_a530 _bH188 |
||
| 100 | _aHalliday, David | ||
| 245 |
_aFundamentals of Physics, _c David Halliday, Robert Resnick, and Jearl Walker. |
||
| 250 | _a6th ed | ||
| 260 |
_aNew Delhi : _bJohn Wiley & Sons, _c2001 |
||
| 300 | _a1216 p | ||
| 942 | _cBOOK | ||
| 999 |
_c2001 _d2001 |
||